000 00333 a2200169 4500
001 58311
020 _a8508044275
040 _cAnchieta - Pituba
100 _aAlencar, José de
240 1 0 _aDiva
_lpor
245 1 0 _aDiva
300 _a95
362 0 _a1998
440 1 _aÁtica
650 4 _aFicção brasileira
942 _cBK
999 _c58311
_d58311